Black cloud : (Record no. 127090)

MARC details
000 -LEADER
campo de control de longitud fija 01344nam a22002297a 4500
003 - IDENTIFICADOR DE NÚMERO DE CONTROL
campo de control BJBSDDR
005 - FECHA Y HORA DE LA ÚLTIMA TRANSACCIÓN
campo de control 20260514121032.0
007 - CAMPO FIJO DE DESCRIPCIÓN FÍSICA--INFORMACIÓN GENERAL
campo de control de longitud fija ta
008 - DATOS DE LONGITUD FIJA--INFORMACIÓN GENERAL
campo de control de longitud fija 260514s2003 nyu||||| |||| 00| 0 eng d
020 ## - NÚMERO INTERNACIONAL ESTÁNDAR DEL LIBRO
Número Internacional Estándar del Libro 9780786711468
020 ## - NÚMERO INTERNACIONAL ESTÁNDAR DEL LIBRO
Número Internacional Estándar del Libro 0786711469
040 ## - FUENTE DE CATALOGACIÓN
Lengua de catalogación spa
Centro/agencia transcriptor BJBSDDR
041 ## - CÓDIGO DE IDIOMA
Código de lengua del texto/banda sonora o título independiente eng
050 ## - SIGNATURA TOPOGRÁFICA DE LA BIBLIOTECA DEL CONGRESO
Número de ítem K64 2003
100 1# - ENTRADA PRINCIPAL--NOMBRE DE PERSONA
Nombre de persona Kleinberg, Eliot
9 (RLIN) 48439
245 10 - MENCIÓN DEL TÍTULO
Título Black cloud :
Resto del título the great Florida hurricane of 1928 /
Mención de responsabilidad, etc. Eliot Kleinberg
260 ## - PUBLICACIÓN, DISTRIBUCIÓN, ETC.
Lugar de publicación, distribución, etc. New York :
Nombre del editor, distribuidor, etc. Carroll & Graf Publishers,
Fecha de publicación, distribución, etc. 2003
300 ## - DESCRIPCIÓN FÍSICA
Extensión xvi, 283 pages :
Otras características físicas illustrations ;
Dimensiones 24 cm
520 ## - RESUMEN, ETC.
Sumario, etc. In September 1928, when great storms were still unnamed, nearly 700 black men, women, and children were buried in an unmarked West Palm Beach ditch following the nation's second-deadliest hurricane. The savage gusts that churned the waters of Lake Okeechobee into a maelstrom of death afflicted victims of all races and classes, and produced tales of survival and loss among whites and blacks alike. The great African-American writer Zora Neale Hurston, immortalized the havoc the storm unleashed on the great lakes denizens in her classic Their Eyes Were Watching God. The vast majority of the post-storm workers were poor black migrants; even if the hurricane was color-blind, the recovery and rebuilding effort were not
942 ## - ELEMENTOS DE ENTRADA SECUNDARIOS (KOHA)
Fuente del sistema de clasificación o colocación Clasificación de Library of Congress
Suprimir en OPAC No
Tipo de ítem Koha Libro
946 ## - PROCESAMIENTO DE INFORMACIÓN LOCAL (OCLC)
Iniciales del agente catalogador cmc
Holdings
Estatus retirado Estado de pérdida Fuente del sistema de clasificación o colocación Estado de daño No para préstamo Colección Biblioteca de origen Biblioteca actual Ubicación en estantería Fecha de adquisición Signatura topográfica completa Código de barras Visto por última vez Copia número Tipo de ítem Koha
    Clasificación de Library of Congress     Automatización y Procesos Técnicos Biblioteca Juan Bosch Biblioteca Juan Bosch Automatización y Procesos Técnicos (1er. Piso) 14/05/2026 K64 2003 00000199797 14/05/2026 1 Libro